000
00424nam a2200157Ia 4500
008
100122s9999 xx 000 0 und d
082
_b
72287
_a
822
100
_a
दातार चेतन
245
_a
सावल्या
250
_a
1
260
_b
अविष्कार प्रकाशन
_c
2007
300
_a
132
630
_a
सावल्या
730
_a
सावल्या
942
_c
BOOK
999
_c
388153
_d
388150